[Event "1st Goa GM Open 2018"]
[Site "Taleigao"]
[Date "2018.10.13"]
[Round "1"]
[White "Himanshu, Sharma"]
[Black "Sibi Visal R"]
[Result "1-0"]
[WhiteElo "2444"]
[BlackElo "1931"]
[Annotator "TA"]
[PlyCount "105"]
[EventDate "2018.10.13"]
[EventType "swiss"]
[EventCountry "IND"]
[SourceTitle "playchess.com"]
[Source "ChessBase"]
[SourceQuality "1"]

{[%evp 9,105,23,18,21,26,33,51,55,54,54,62,55,56,56,62,58,101,54,44,38,93,72,87,60,74,62,62,59,82,59,88,80,90,92,89,67,116,113,252,256,258,250,281,275,277,258,268,276,266,189,319,127,119,0,201,183,189,176,336,333,514,510,487,508,510,366,377,354,335,279,271,265,451,451,577,549,531,531,569,539,483,485,692,675,965,597,828,803,1170,1150,5214,4986,29985,29986,29990,29991,29997,29998]} 1. e4 {[%cal Be2e4,Be4e5][%mdl 32]} c6 2. Ne2 d5 3. e5 Bg4 4. h3 (4. f3 Bd7 5. d4 e6 6. Be3 c5 7. c3 Nc6 8. Qd2 cxd4 9. cxd4 f6 10. f4 Nh6 11. Nbc3 {0-1 (57) Mamedov,R (2709)-Artemiev,V (2691) Huaian 2017}) 4... Bxe2 5. Bxe2 e6 6. O-O {B10: Caro-Kann: 2 d3 and 2 c4} Ne7 7. d4 Nd7 8. Nd2 $146 {White is slightly better.} ({Predecessor:} 8. c4 dxc4 9. Bxc4 Nb6 10. Bb3 Ned5 11. Nc3 {½-½ (30) Hatchett,P (1982)-Williams,S (1859) Wales 2014}) 8... c5 9. c3 {[%cal Bc2c3,Bc3d4][%mdl 32]} Nc6 10. Nf3 cxd4 11. cxd4 ({Much worse is} 11. Nxd4 $6 Ncxe5 12. Qb3 Qb6 $15) 11... Be7 12. a3 a5 13. b3 Qb6 14. Ra2 h5 ({Better is} 14... O-O $14) 15. Re1 {[%cal Bf1e1,Be1e3,Be3c3][%mdl 32]} g6 16. Bf1 Kf8 17. Re3 Kg7 18. g3 Qa7 19. Rc2 Bd8 20. Bb5 Ndb8 21. Rec3 Qb6 22. Bf1 Ne7 23. Bg5 $36 {[%mdl 2048] White is really pushing.} Nf5 (23... Nec6 $16) 24. Bxd8 Rxd8 25. g4 hxg4 26. hxg4 Nh6 27. Qd2 Nc6 28. Qf4 Rh8 29. Kg2 Rae8 (29... Raf8 $142) 30. Kg3 $2 {[#]} (30. a4 $18 {is more deadly.}) 30... Ng8 $16 31. Kg2 (31. Ng5 $16 f5 32. exf6+ Nxf6 33. Rf3) 31... Nh6 $1 $18 32. Bd3 Ng8 33. Rc1 Re7 $2 {[#]} (33... Rf8 34. Rh1 Rxh1 35. Kxh1 Qd8) 34. Rb1 Rc7 (34... Qd8 {was called for.} 35. Rcc1 Re8) 35. b4 axb4 36. axb4 Nd8 37. Rc5 Rxc5 38. bxc5 Qc7 39. Bb5 Qe7 40. Ra1 {[%cal Bb1a1,Ba1a8,Ba8c8][%mdl 32]} Qc7 $2 (40... f5 {is a better defense.} 41. exf6+ Qxf6 42. Qc7+ Qe7 43. Qe5+ Qf6) 41. Ra8 Nc6 42. Ng5 Qe7 43. Bxc6 bxc6 44. Rc8 Rh4 45. Nf3 Rh8 (45... g5 $142 46. Nxg5 Nh6) 46. Rxc6 Qa7 47. Qc1 Ne7 48. Rb6 Nc8 49. Rb1 Ne7 50. Qf4 Ng8 51. c6 {White mates.} Nh6 52. Rb7 Qa1 53. Qf6+ {Precision: White = 61%, Black = 35%.} 1-0

[Event "1st Goa GM Open 2018"]
[Site "Taleigao"]
[Date "2018.10.13"]
[Round "1"]
[White "Neelotpal, Das"]
[Black "Rupam Mukherjee"]
[Result "1-0"]
[WhiteElo "2436"]
[BlackElo "1929"]
[Annotator "TA"]
[PlyCount "91"]
[EventDate "2018.10.13"]
[EventType "swiss"]
[EventCountry "IND"]
[SourceTitle "playchess.com"]
[Source "ChessBase"]
[SourceQuality "1"]

{[%evp 21,91,4,30,5,32,33,33,46,56,57,46,28,50,38,101,97,177,189,223,211,227,157,214,215,173,219,214,212,222,227,245,219,235,229,248,218,208,138,138,125,131,135,127,122,447,446,519,511,753,724,1025,878,29965,29969,6712,5794,29972,29973,29960,1709,6388,5373,5622,5207,29978,29979,6331,668,644,641,29978,29979]} 1. e4 c5 2. Nf3 d6 3. d4 cxd4 4. Nxd4 Nf6 5. Nc3 a6 6. Be2 e6 7. O-O Nc6 8. Be3 Qc7 9. f4 Be7 10. Kh1 Bd7 11. a4 {B84: Sicilian Scheveningen: 6 Be2 a6, lines without early Be3} Nxd4 {LiveBook: 5 Games} (11... O-O 12. Qe1 d5 13. e5 Ne4 14. Nxe4 dxe4 15. c3 Nxd4 16. Bxd4 Bc5 17. Bg4 Bxd4 18. cxd4 Rad8 19. b3 Bc6 20. Qe3 {½-½ (39) Corrales Jimenez,F (2661)-Ehlvest,J (2621) Las Vegas 2013}) 12. Qxd4 e5 13. Qd3 $146 {White is slightly better.} ({Predecessor:} 13. Qd2 exf4 14. Rxf4 Be6 15. Raf1 Qd8 16. Bd4 Rc8 17. Qe3 Bc4 18. Bxc4 Rxc4 19. Bxf6 Bxf6 {½-½ (40) Morshedi,A (2379)-Yang,D Stillwater 2007}) 13... Rc8 14. a5 Be6 15. f5 Bc4 16. Qd1 Bxe2 17. Qxe2 d5 (17... h6 $14) 18. exd5 $16 Bb4 (18... Qc4 $16) 19. Bb6 $36 {[%mdl 2048] White is in control.} Qe7 20. Rad1 Bxc3 21. bxc3 O-O {[#]} (21... Qd6 $16 22. c4 Nd7) 22. d6 $1 {[%cal Rd6e7]} Qd7 23. Qxe5 Rfe8 24. Qd4 Re4 25. Qd3 Rce8 26. Qg3 h5 27. h3 h4 28. Qf3 Re2 {intending ...Ne4.} 29. Rf2 Re1+ {[#]} 30. Kh2 $1 Rxd1 31. Qxd1 Ne4 32. Rf4 Nxc3 $2 {[%mdl 8192]} (32... Qxd6 $16 {is a better chance.} 33. Qxd6 Nxd6) 33. Qd3 Nb5 34. Bc5 Re5 35. Bb4 Na7 36. Bc3 Rb5 37. Qd4 {[%csl Gc3][%cal Rd4g7]} f6 38. Rxh4 Qxf5 39. d7 Nc6 40. d8=R+ (40. d8=Q+ $142 Nxd8 41. Qxd8+ Kf7 42. Qc7+ Kg8 43. Qe7 Re5 44. Bxe5 Qxe5+ 45. Qxe5 fxe5 46. Rb4) 40... Nxd8 41. Qxd8+ Kf7 42. Qc7+ Kg8 43. Rg4 {[%csl Gg4][%cal Rc7g7]} g5 44. Rd4 {[%cal Rd4d8]} Qe5+ 45. Qxe5 Rxe5 46. Rd8+ {Precision: White = 72%, Black = 27%.} 1-0

[Event "1st Goa GM Open 2018"]
[Site "Taleigao"]
[Date "2018.10.13"]
[Round "1"]
[White "Viani Antonio Dcunha"]
[Black "Sourath Biswas"]
[Result "1-0"]
[WhiteElo "2430"]
[BlackElo "1925"]
[Annotator "TA"]
[PlyCount "97"]
[EventDate "2018.10.13"]
[EventType "swiss"]
[EventCountry "IND"]
[SourceTitle "playchess.com"]
[Source "ChessBase"]
[SourceQuality "1"]

{[%evp 13,97,27,39,12,38,40,131,116,127,126,169,175,154,142,126,55,68,27,24,13,93,79,79,83,97,94,102,105,81,79,105,105,105,105,105,96,105,100,93,98,102,89,112,106,139,149,161,156,189,179,183,173,194,186,311,309,301,293,299,300,585,575,564,564,539,557,698,683,558,569,549,541,697,720,1054,722,1589,1495,5293,4094,6833,4864,12845,12841,12845,12846]} 1. e4 c5 2. Nf3 e6 3. d4 cxd4 4. Nxd4 Nc6 5. Nc3 Qc7 6. Be3 a6 7. f4 Bb4 8. Nxc6 {B48: Sicilian: Taimanov: 5 Nc3 Qc7 6 Be3 a6 without Be2} (8. Bd3 Nf6 9. O-O Bxc3 10. bxc3 b5 11. a4 bxa4 12. Rxa4 Bb7 13. Qe2 O-O 14. Nb3 d6 15. c4 Ne7 {1-0 (51) Ondrus,M (2347)-Pacher,M (2522) Velky Cetin 2018}) 8... Qxc6 9. Qd4 Be7 (9... Bxc3+ $1 $14 10. Qxc3 (10. bxc3 Nf6 $11) 10... Qxc3+ 11. bxc3 d5) 10. Be2 {White is clearly better.} Bh4+ 11. Kd2 Bf6 12. e5 Be7 13. Bf3 d5 14. f5 $146 (14. exd6 $1 $16 Qxd6 15. g4) ({Predecessor:} 14. g4 Bd7 15. h3 Rc8 {0-1 (35) Skytte,R (2338)-Nemeth,Z (2397) Budapest 1999}) 14... Bd7 $14 15. Rhf1 Rc8 16. fxe6 (16. Rae1 {seems wilder.} Bc5 17. Qxc5 Qxc5 18. Bxc5 Rxc5 19. fxe6 Bxe6 20. Ne2) 16... Bxe6 {[#]} (16... fxe6 $11 17. Qg4 g6) 17. Rad1 $1 $16 {[%cal Rc3d5]} Bc5 18. Qxc5 ({And not} 18. Bxd5 Bxd5 19. Qxc5 (19. Qxd5 $2 Rd8 $19) 19... Qxc5 $17) 18... Qxc5 19. Bxc5 Rxc5 20. b4 Rc4 21. Bxd5 Bxd5 22. Nxd5 Ne7 23. Rf4 Rxf4 24. Nxf4 {[%mdl 4096] Endgame KRN-KRN} Nc6 25. Nd3 Ke7 26. Re1 Rd8 27. Re4 Ke6 28. Ke3 b6 29. h4 {[%cal Bh2h4,Bh4h5][%mdl 32]} h6 30. h5 Ne7 31. g4 Nd5+ 32. Kf3 Ke7 {[#]} 33. Rc4 $1 Ra8 (33... a5 $142 34. bxa5 bxa5) 34. Ke4 $18 Rd8 35. Rc6 f6 36. a3 Rd7 $2 (36... fxe5 {was called for.} 37. Nxe5 (37. Kxe5 Ne3 $16) 37... Rd6) 37. Nf4 {White is clearly winning.} Nxf4 38. exf6+ gxf6 39. Kxf4 {KR-KR} Rd4+ 40. Kf5 Rd5+ 41. Ke4 Re5+ 42. Kf4 Re2 43. Rxb6 a5 44. c4 Ra2 45. bxa5 {[%cal Bb4a5,Ba5a6][%mdl 32]} Rxa3 46. a6 Ra4 47. Kf5 Rxc4 48. Re6+ Kd7 49. Rxf6 {Precision: White = 83%, Black = 32%.} 1-0

[Event "1st Goa GM Open 2018"]
[Site "Taleigao"]
[Date "2018.10.13"]
[Round "1"]
[White "Das, Sayantan"]
[Black "Pandey Srishti"]
[Result "1-0"]
[WhiteElo "2425"]
[BlackElo "1915"]
[Annotator "TA"]
[PlyCount "75"]
[EventDate "2018.10.13"]
[EventType "swiss"]
[EventCountry "IND"]
[SourceTitle "playchess.com"]
[Source "ChessBase"]
[SourceQuality "1"]

{[%evp 15,75,14,29,27,27,15,45,63,77,46,101,97,103,90,93,97,121,112,131,137,142,133,183,207,201,152,166,121,125,122,121,123,196,193,253,247,358,295,286,0,320,256,264,259,587,560,603,547,836,591,1303,329,381,296,679,659,929,869,922,893,892,663]} 1. c4 b6 2. Nc3 Bb7 3. d4 {[%cal Bd2d4,Bd4d5][%mdl 32]} Nf6 4. a3 e6 5. d5 d6 6. g3 Be7 7. Nf3 O-O 8. dxe6 fxe6 9. Bh3 {E12: Queen's Indian: Unusual White 4th moves, 4 a3, 4 Nc3 Bb7 5 a3 and 4 Nc3 Bb7} e5 10. O-O Ne4 (10... Qe8 11. Ng5 Qh5 12. e4 Qxd1 13. Rxd1 h6 14. Ne6 Rc8 15. Nd5 Nxd5 16. exd5 c6 17. dxc6 Nxc6 {1-0 (35) Hayrapetyan,H (2324)-Seferjan,N (2441) Yerevan 2010}) 11. Nd5 {Threatens to win with Qc2.White is slightly better.} c6 12. Ne3 Bc8 $146 (12... Ng5 $14 13. Nxg5 Bxg5) ({Predecessor:} 12... Na6 13. Nf5 Bf6 14. Qc2 d5 15. Rd1 Nd6 16. cxd5 cxd5 17. Nxd6 Qxd6 {1-0 (38) Wirius,S (2250)-Kwech Austria 1995}) 13. Bg2 $16 Nc5 14. b4 Ne6 15. Bb2 a6 16. Qc2 Ra7 17. Rad1 Qc7 18. Nf5 g6 19. Nxe7+ Qxe7 20. Rd2 c5 21. Qd1 Rd7 {[#]} 22. Ne1 $1 Rdd8 23. Bd5 Qc7 (23... h6 $16) 24. Nf3 $18 {[%cal Be1f3,Bf3g5,Bg5e4][%mdl 32]} Nc6 (24... Qe7 $142 25. bxc5 bxc5) 25. Ng5 Rfe8 (25... Rde8 $142 26. bxc5 bxc5) 26. Ne4 Rf8 27. Ng5 Rfe8 $1 28. e3 Kg7 29. Ne4 Nb8 $2 (29... cxb4 30. axb4 (30. Qf3 Rf8 $14) 30... Nxb4) 30. f4 Rf8 31. Rdf2 Rde8 32. Qa1 {[%cal Rf4e5]} Nd7 33. Rd1 $2 (33. fxe5 dxe5 34. Rxf8 Rxf8 35. Bxe6) 33... Nd8 34. Rfd2 Nf6 $2 {[#]} (34... Re7 35. Bc3 Kh8) 35. Nxd6 $1 {[%mdl 512] White is clearly winning.} Nxd5 (35... Qxd6 36. fxe5) 36. Nxe8+ ({Less strong is} 36. cxd5 Qxd6 37. Bxe5+ Rxe5 $18) 36... Rxe8 37. Bxe5+ Rxe5 38. Rxd5 {Precision: White = 65%, Black = 29%.} 1-0

[Event "1st Goa GM Open 2018"]
[Site "Taleigao"]
[Date "2018.10.13"]
[Round "1"]
[White "Fominyh, Alexander"]
[Black "Nandhini, Saripalli"]
[Result "1-0"]
[WhiteElo "2405"]
[BlackElo "1911"]
[Annotator "TA"]
[PlyCount "73"]
[EventDate "2018.10.13"]
[EventType "swiss"]
[EventCountry "IND"]
[SourceTitle "playchess.com"]
[Source "ChessBase"]
[SourceQuality "1"]

{[%evp 21,73,25,31,3,40,27,35,1,8,0,16,7,0,0,56,-11,0,0,0,0,14,11,11,11,11,11,11,14,33,33,41,16,56,52,132,132,156,95,383,383,383,382,559,558,653,650,693,691,674,664,641,646,723,569]} 1. Nf3 d5 2. d4 Nf6 3. c4 e6 4. g3 dxc4 5. Bg2 Bd7 {[%cal Bc8d7,Bd7c6,Bc6d5][%mdl 32]} 6. Qc2 Bc6 7. Qxc4 Bd5 8. Qa4+ Bc6 {E02: Katalanisch} 9. Qc2 Be4 10. Qd1 c5 11. Nc3 Bc6 {LiveBook: 23 Partien. und nun wäre ...cxd4 stark für Schwarz.} 12. Be3 Nbd7 13. O-O Be7 (13... cxd4 14. Bxd4 Be7 15. Ne5 Bxg2 16. Kxg2 Nxe5 17. Bxe5 Qa5 18. Bxf6 Bxf6 19. Ne4 O-O 20. Nxf6+ gxf6 21. Qd4 {½-½ (19) Timman,J (2565)-Karpov,A (2628) Murmansk 2016}) 14. Qc2 O-O 15. dxc5 Bxc5 16. Bxc5 Nxc5 17. b4 Nce4 $146 (17... Ncd7 $11) ({Vorgänger:} 17... Ncd7 18. b5 Bxf3 19. Bxf3 Nc5 20. Na4 Nxa4 21. Qxa4 {1-0 (27) Norwood,D (2491)-Nass,E (2247) Arinsal 2011}) 18. b5 (18. Ne5 $14 Qd2 19. Qxd2 Nxd2 20. Rfd1 (20. Nxc6 Nxf1 21. Ne7+ Kh8 $11) 20... Bxg2 21. Rxd2) 18... Bd5 19. Nxd5 Qxd5 20. Qb2 Rfd8 21. Rac1 Rac8 22. Ne5 Rc5 23. Rxc5 Qxc5 24. Nd3 Qb6 25. Rc1 {[%cal Bf1c1,Bc1c6,Bc6d6][%mdl 32]} h6 26. a4 a6 27. bxa6 Qxa6 ({Besser ist} 27... Qxb2 $14 28. Nxb2 bxa6) 28. Qb4 $36 {[%mdl 2048] Schwarz muss aufpassen.} Nd6 {[#]} 29. Bf3 (29. Nc5 $142 $1 {[%cal Rc5a6]} Qa7 30. Rd1 (30. Bxb7 Rb8 $17) (30. Nxb7 Nxb7 31. Bxb7 Rb8 $16)) 29... b5 $2 {[%mdl 8192]} (29... Nd5 $16 30. Bxd5 exd5) 30. Rc6 $18 Qxa4 31. Rxd6 Qd1+ (31... Qxb4 {war nötig.} 32. Rxd8+ Qf8 33. Rxf8+ Kxf8) 32. Kg2 {Weiß steht klar auf Gewinn.} Rxd6 33. Qxd6 Qb3 34. Qb8+ Kh7 35. Qb7 e5 36. Nxe5 b4 37. Nd3 {Precision: Weiß = 70%, Schwarz = 36%.} 1-0

[Event "1st Goa GM Open 2018"]
[Site "Taleigao"]
[Date "2018.10.13"]
[Round "1"]
[White "Potluri Saye Srreezza"]
[Black "Amonatov, Farrukh"]
[Result "0-1"]
[WhiteElo "1993"]
[BlackElo "2615"]
[Annotator "TA"]
[PlyCount "46"]
[EventDate "2018.10.13"]
[EventType "swiss"]
[EventCountry "IND"]
[SourceTitle "playchess.com"]
[Source "ChessBase"]
[SourceQuality "1"]

{[%evp 23,46,61,62,13,33,25,35,12,53,79,62,76,108,112,152,147,174,150,164,116,152,108,604,-1363,-495]} 1. d4 Nf6 2. c4 g6 3. Nf3 Bg7 4. g3 O-O 5. Bg2 d6 6. O-O Nbd7 {[%cal Bb8d7,Bd7e5,Be5c6,Bc6b4,Bb4d3][%mdl 32]} 7. Nc3 e5 8. e4 a6 9. Qc2 exd4 10. Nxd4 Ne5 11. b3 c5 12. Nde2 Rb8 {LiveBook: 14 Games. E68: King's Indian: Fianchetto: 6...Nbd7 7 0-0 e5 8 e4} 13. f4 Nc6 14. Bb2 b5 {White has an edge.} 15. Rad1 $146 ({Predecessor:} 15. cxb5 axb5 16. Rad1 c4 17. bxc4 bxc4 18. Ba3 Nb4 19. Qd2 Nd3 20. h3 {0-1 (41) Gauglitz,G (2310)-Knaak,R (2495) Leipzig 1982}) 15... bxc4 16. e5 Nb4 17. Qd2 Ne8 18. bxc4 {a3 is the strong threat.} Bf5 19. a3 Nd3 {[#]} 20. Ba1 $1 {Threatens to win with Be4.} dxe5 {[#]} 21. g4 $1 {[%mdl 512]} Bxg4 22. Qxd3 Qd6 $2 {[%mdl 8192]} (22... Qxd3 $16 23. Rxd3 Nc7 24. fxe5 Bxe5) 23. Qd4 $4 {[%mdl 8192]} (23. Qxd6 $18 Nxd6 24. Rxd6) 23... Qxd4+ {Precision: White = 50%, Black = 40%.} (23... cxd4 $142 24. h3 Bh5) 0-1

[Event "1st Goa GM Open 2018"]
[Site "Taleigao"]
[Date "2018.10.13"]
[Round "1"]
[White "Aditya Guhagarkar"]
[Black "Popov, Ivan"]
[Result "0-1"]
[WhiteElo "1982"]
[BlackElo "2611"]
[Annotator "TA"]
[PlyCount "76"]
[EventDate "2018.10.13"]
[EventType "swiss"]
[EventCountry "IND"]
[SourceTitle "playchess.com"]
[Source "ChessBase"]
[SourceQuality "1"]

{[%evp 10,76,33,9,14,15,40,12,1,-15,-8,-33,-26,-26,-27,-24,0,-32,-26,-27,-16,-8,0,-15,-5,-10,36,8,5,10,8,0,18,-13,0,0,0,0,0,0,0,0,0,0,0,0,0,-41,16,-68,-16,-302,-271,-225,-214,-12840,-12840,-12841,-12841,-29954,-12840,-12840,-12841,-12841,-12839,-29985,-29986,-29986,-12838]} 1. e4 c5 2. Nc3 a6 3. g3 b5 4. Bg2 Bb7 5. d3 e6 6. Nh3 Nf6 {B23: Closed Sicilian: Lines without g3} (6... b4 7. Ne2 d5 8. e5 Nc6 9. f4 Nh6 10. Nf2 Nf5 11. O-O Qb6 12. c3 Be7 13. g4 Nh4 14. Bh1 {0-1 (35) Yu,Y (2738)-Khismatullin,D (2639) Moscow 2017}) 7. O-O b4 8. Ne2 d5 {The position is equal.} 9. exd5 (9. Nef4 {looks sharper.} dxe4 10. Ng5 Nc6 11. Re1 Bd6 12. a3) 9... Bxd5 10. Nhf4 Bxg2 11. Nxg2 Nc6 $146 ({Predecessor:} 11... Be7 12. Ne3 Nc6 13. Nc4 O-O 14. Nf4 Nd4 15. Be3 Nb5 16. Qf3 Qc7 17. Nh5 Rac8 18. a4 Nd4 19. Bxd4 cxd4 20. Nxf6+ Bxf6 21. b3 {½-½ (21) Khairallah,R (1770)-Sharbel,M (1937) Beirut 2017}) 12. a3 Be7 13. Ne3 O-O 14. b3 e5 15. Bb2 Nd5 16. axb4 cxb4 17. d4 e4 18. Nxd5 Qxd5 19. Nf4 Qf5 $1 20. Qe2 Bf6 21. Rxa6 Nxd4 22. Bxd4 Bxd4 23. Rxa8 Rxa8 24. Rd1 Rd8 {White should prevent ...g5.} 25. Kg2 g5 {[%cal Bg7g5,Bg5g4][%mdl 32]} 26. Nh5 g4 27. Nf4 e3 $36 {[%mdl 2048] Black has some pressure.} 28. f3 Rc8 ({Black should try} 28... h5 $15) 29. Rd3 (29. Rxd4 $2 Rxc2 30. Kf1 (30. Rd8+ $2 Kg7 $19) 30... Rxe2 $19) (29. fxg4 $11 Qe4+ 30. Kh3) 29... h5 (29... gxf3+ $15 30. Kxf3 Be5 31. Rxe3 Bxf4 32. gxf4 Rxc2) 30. c4 $2 {[%mdl 8192] [#]} ({Wrong is} 30. Rxd4 $2 Rxc2 31. Kf1 (31. Rd8+ $2 Kg7 $19) 31... Rxe2 $19) (30. fxg4 $1 $11 {and White is okay.} hxg4 31. Kf1 (31. Rxd4 $2 Rxc2 32. Kf1 Rxe2 $19)) 30... bxc3 $1 $19 31. Rxd4 {Threatens to win with fxg4.} c2 32. Nd3 $2 (32. Rc4 c1=Q 33. Rxc1 Rxc1 34. Qxe3 Rc2+ 35. Ne2) 32... c1=Q 33. Nxc1 {[#]} Rc2 $1 {( -> ...gxf3+)} 34. f4 Rxe2+ 35. Nxe2 Qc2 36. Kf1 Qb1+ 37. Kg2 Qe1 38. Ng1 Qd2+ {Precision: White = 38%, Black = 59%.} (38... Qf2+ $142 39. Kh1 Qc2 40. Rc4 Qxb3 41. Rc8+ Kg7 42. h3 Qb7+ 43. Kh2 Qxc8 44. f5 Qc2+ 45. Kh1 gxh3 46. f6+ Kh8 47. Nxh3 e2 48. Kg2 e1=Q+ 49. Nf2 Qcxf2+ 50. Kh3 Qxg3#) 0-1

[Event "1st Goa GM Open 2018"]
[Site "Taleigao"]
[Date "2018.10.13"]
[Round "1"]
[White "Himanshu Ranjan"]
[Black "Tukhaev, Adam"]
[Result "1/2-1/2"]
[WhiteElo "1970"]
[BlackElo "2556"]
[Annotator "TA"]
[PlyCount "132"]
[EventDate "2018.10.13"]
[EventType "swiss"]
[EventCountry "IND"]
[SourceTitle "playchess.com"]
[Source "ChessBase"]
[SourceQuality "1"]

{[%evp 15,132,32,35,32,34,32,36,29,39,31,29,15,16,-6,0,0,16,0,0,0,0,0,27,26,28,4,4,5,8,9,10,0,0,0,0,0,0,-3,0,0,0,0,7,2,20,20,20,0,0,0,0,0,0,0,0,0,173,146,127,0,0,0,0,0,0,0,0,0,0,0,0,-898,0,0,0,0,0,0,0,0,0,0,35,38,1143,1123,1052,1051,1044,1044,29968,29969,29970,29971,29971,29972,29969,29970,29966,29969,29970,0,0,0,0,0,0,0,0,0,0,0,0,0,0,0,0,0,0]} 1. d4 g6 2. e4 Bg7 3. c4 d6 4. Nc3 Nc6 5. Be3 e5 6. d5 Nce7 7. Bd3 f5 8. f3 Nf6 {LiveBook: 18 Games} 9. h3 {A42: Modern Defence: Averbakh Variation} f4 10. Bf2 O-O 11. Nge2 {White is slightly better.} c5 12. a3 g5 13. b4 b6 14. b5 $146 ({Predecessor:} 14. Qb3 h5 15. Nc1 Ng6 16. Bf1 Rf7 17. Nd3 Bf8 {0-1 (91) Gutierrez,R (2233)-Granda Zuniga,J (2605) Lima 2002}) 14... h5 15. a4 a5 16. bxa6 Rxa6 17. Nb5 Ng6 18. Nec3 g4 19. hxg4 hxg4 20. Kd2 g3 21. Be1 $1 Ne8 22. Kc2 Nh4 23. Bf1 Kf7 24. Kb3 Rh8 25. Ra2 Bf6 26. Qa1 Bd7 27. Nd1 Qb8 28. Bc3 Ke7 29. Nb2 Ng6 (29... Rh5 {seems wilder.} 30. Nd3 Ra8 31. Be2 Kf7 32. Qc1 Rh8) 30. Rxh8 Bxh8 31. a5 bxa5 32. Rxa5 Rxa5 33. Qxa5 Bf6 34. Na4 Nh4 35. Qa6 Bh3 $2 (35... Bc8 $1 $11 36. Qc6 Bd7) 36. gxh3 $18 Nxf3 {White must now prevent ...Nh2.} 37. Nxc5 (37. h4 $1 $16) 37... Nh2 $11 38. Qc6 Nxf1 39. Bxe5 Bxe5 40. Qd7+ Kf8 41. Ne6+ Kg8 42. Ng5 {White wants to mate with Qh7+.} Nf6 43. Qf7+ $1 Kh8 44. Qg6 $1 $40 {[%cal Rg5f7][%mdl 128] White attacks.} Qe8 (44... Qf8 $5 45. Nf7+ $8 Qxf7 $1 {[%mdl 512]} 46. Qxf7 g2 $11) 45. Nf7+ {[#]} Qxf7 $1 {[%mdl 512]} 46. Qxf7 Nd2+ 47. Kc2 Nxc4 48. Qg6 g2 49. Kd3 Ne3 $2 {[%mdl 8192]} (49... f3 $14) 50. Nxd6 $1 $18 Bxd6 51. Qxf6+ Kh7 52. Qg5 ({Less strong is} 52. Qxd6 g1=Q $16) 52... f3 53. Kxe3 ({Not} 53. Qxe3 Bh2 $11) 53... g1=Q+ 54. Qxg1 Bc5+ 55. Kxf3 Bxg1 {[%mdl 4096] Endgame KB-K3P} 56. Kf4 $1 Kg6 {[#]} 57. Ke5 $1 {[%cal Re5e6]} ({Inferior is} 57. e5 Bh2+ 58. Ke4 Bg3 $11) 57... Kf7 {[#]} 58. Kf5 $2 (58. h4 $1 {mates} Bh2+ 59. Kf5 Ke7 60. e5 Bg1 61. Ke4 Kf7 62. h5 Bh2 63. h6) 58... Bf2 $1 $11 {The position is equal.} 59. d6 {[%cal Bd5d6,Bd6d7][%mdl 32]} Bh4 60. e5 Bg3 61. e6+ Ke8 62. d7+ Ke7 63. Ke4 Bh4 64. Ke5 Bf6+ 65. Kf5 Bh4 $1 66. Kg4 Kxe6 {Precision: White = 71%, Black = 65%.} 1/2-1/2

[Event "1st Goa GM Open 2018"]
[Site "Taleigao"]
[Date "2018.10.13"]
[Round "1"]
[White "Mushini Ajay"]
[Black "Bernadskiy, Vitaliy"]
[Result "*"]
[WhiteElo "1966"]
[BlackElo "2547"]
[Annotator "TA"]
[PlyCount "38"]
[EventDate "2018.10.13"]
[EventType "swiss"]
[EventCountry "IND"]
[SourceTitle "playchess.com"]
[Source "ChessBase"]
[SourceQuality "1"]

{[%evp 25,38,0,-8,-45,-39,-45,25,0,0,-78,-81,-78,-95,-70,-65]} 1. e4 c5 2. Nf3 d6 3. d4 cxd4 4. Nxd4 Nf6 5. Nc3 a6 6. Be3 e6 7. f3 b5 8. Qd2 Bb7 9. g4 h6 10. O-O-O Nbd7 11. Kb1 {B80: Sicilian Scheveningen: 6 g3 and 6 Be3, including English Attack} (11. h4 b4 12. Na4 Qa5 13. b3 Be7 14. Rh3 Nc5 15. a3 Rc8 16. axb4 Nxb3+ 17. Nxb3 Qxa4 18. Kb2 d5 19. Bc5 Qd7 20. g5 hxg5 21. hxg5 Rxh3 22. Bxh3 {1-0 (37) Caruana,F (2787)-Van Wely,L (2640) Wijk aan Zee 2016 CBM 171 [Caruana,F]}) 11... b4 12. Nce2 {[%cal Bc3e2,Be2g3,Bg3e4][%mdl 32]} d5 13. exd5 Nxd5 {LiveBook: 5 Games} 14. Bf2 Rc8 15. Ng3 $146 ({Predecessor:} 15. h4 Ne5 16. Bg2 Qa5 17. Nb3 Qc7 18. Ned4 Nc4 {1-0 (40) Drygalov,S (2111)-Mykota,S (2157) Satka 2014}) 15... Nc5 (15... Bd6 $15) 16. Nb3 Qc7 17. Nxc5 (17. Nh5 $11 {keeps the balance.}) 17... Bxc5 $17 18. Bxc5 Qxc5 19. Ne4 Qb6 *